The Grundel mastodon, (Record no. 30355)
[ view plain ]
| 000 -LEADER | |
|---|---|
| fixed length control field | 00795cam a2200217 4500 |
| 001 - CONTROL NUMBER | |
| control field | gs 67000258 |
| 003 - CONTROL NUMBER IDENTIFIER | |
| control field | DLC |
| 005 - DATE AND TIME OF LATEST TRANSACTION | |
| control field | 20260227111421.0 |
| 008 - FIXED-LENGTH DATA ELEMENTS--GENERAL INFORMATION | |
| fixed length control field | 690818s1966 moua b 000 0 eng c |
| 010 ## - LIBRARY OF CONGRESS CONTROL NUMBER | |
| LC control number | gs 67000258 |
| 040 ## - CATALOGING SOURCE | |
| Original cataloging agency | U.S. Geol. Survey. Library |
| Transcribing agency | DLC |
| Modifying agency | DLC |
| 050 00 - LIBRARY OF CONGRESS CALL NUMBER | |
| Classification number | QE131 |
| Item number | .A25 no. 35 |
| 100 1# - MAIN ENTRY--PERSONAL NAME | |
| Personal name | Mehl, Maurice Goldsmith, |
| Dates associated with a name | 1887-1966. |
| 245 14 - TITLE STATEMENT | |
| Title | The Grundel mastodon, |
| Statement of responsibility, etc. | by Maurice G. Mehl. With contributions by J. A. Martin, J. H. Williams, and R. A. Marshall. |
| 260 ## - PUBLICATION, DISTRIBUTION, ETC. | |
| Place of publication, distribution, etc. | Rolla, Mo. |
| Date of publication, distribution, etc. | [1966] |
| 300 ## - PHYSICAL DESCRIPTION | |
| Extent | 28 p. |
| Other physical details | illus. |
| Dimensions | 23 cm. |
| 410 10 - SERIES STATEMENT/ADDED ENTRY--CORPORATE NAME [OBSOLETE, CAN/MARC], [LOCAL, USA] | |
| Corporate name or jurisdiction name as entry element | Missouri. |
| Subordinate unit | Division of Geological Survey and Water Resources. |
| Title of a work | Report of investigations, |
| Volume number/sequential designation | no. 35 |
| 504 ## - BIBLIOGRAPHY, ETC. NOTE | |
| Bibliography, etc. note | Bibliography: p. 28. |
| 650 #0 - SUBJECT ADDED ENTRY--TOPICAL TERM | |
| Topical term or geographic name entry element | Mastodons |
| Geographic subdivision | Missouri |
| -- | Holt County. |
| 650 #0 - SUBJECT ADDED ENTRY--TOPICAL TERM | |
| Topical term or geographic name entry element | Paleontology |
| Chronological subdivision | Pleistocene. |
No items available.